000 00631nam a2200217Ia 4500
001 2123
005 20240113233529.0
007 ta
008 050221s1910 a g b000 u eng u
040 _aRef.Stack
041 _aeng
082 _a353.1905
_bKe 47 Re
100 _aKeshaw, L.J. .
245 0 _aReport on the exercies Department in the Provience of eastern Bengal and Assam for the year 1909 -1910 /
_cL.J.Kershaw.
_hReports
260 _aShillong :
_bAssam Secretariat ,
_c1910.
300 _a51p. :
_bill ;
_c32cm. .
653 _aReport - Bengal and Assam
942 _2ddc
_cBK
999 _c2116
_d2116